[Event "Superbet ROM Classic 2025"]
[Site "Bucharest ROU"]
[Date "2025.05.08"]
[Round "2.4"]
[White "Duda, J.."]
[Black "Firouzja, Alireza"]
[Result "1/2-1/2"]
[WhiteElo "2739"]
[BlackElo "2757"]
[PlyCount "109"]
[EventDate "2025.05.07"]

1. d4 Nf6 2. c4 e6 3. Nc3 Bb4 4. e3 b6 5. Nge2 Ba6 6. a3 Be7 7. Nf4 d5 8. cxd5 Bxf1 9. Kxf1 exd5 10. Qf3 c6 11. g4 O-O 12. h4 Re8 13. g5 Ne4 14. Nxe4 dxe4 15. Qg4 Bd6 $146 ({RR} 15... Qd7 16. Rg1 Qxg4 17. Rxg4 Nd7 18. Bd2 f5 19. Rg2 Bd6 20. Ne2 b5 21. Nc3 Nb6 22. Ke2 a6 23. g6 h6 24. Rf1 c5 25. dxc5 Bxc5 26. f3 exf3+ 27. Rxf3 Nc4 28. b3 Nxd2 29. Kxd2 Rad8+ {0-1 (29) Inkiov,V (2473)-Cornette,M (2578) Condom 2009}) 16. Bd2 Bxf4 17. Qxf4 Qd5 18. Bc3 Nd7 19. Rg1 Re6 20. Rg4 a5 21. Kg2 Rf8 22. h5 f5 23. Rg3 Rc8 24. a4 c5 25. Kh3 c4 26. Rf1 Rf8 27. Qc7 f4 28. exf4 Rc6 29. Qb7 Rxf4 30. Bd2 Rf5 31. Be3 Nf8 32. Kg2 Rf7 33. Qb8 Rf5 34. Rh1 Qd7 35. h6 g6 36. Rh4 b5 37. Rxe4 Rc8 38. Qb6 b4 39. Re5 Rxe5 40. dxe5 Qxa4 41. e6 Qe8 42. Qxa5 Qc6+ 43. Kh2 Qd6 44. e7 Qxe7 45. Qd5+ Qf7 46. Qe5 Ne6 47. Bd4 Nxd4 48. Qxd4 c3 49. bxc3 bxc3 50. Rxc3 Rxc3 51. Qd8+ Qf8 52. Qd5+ Qf7 53. Qd8+ Qf8 54. Qd5+ Qf7 55. Qd8+ 1/2-1/2

[Event "IRI-chT 16th"]
[Site "Sari"]
[Date "2017.09.15"]
[Round "5.1"]
[White "Golizadeh, Asghar"]
[Black "Firouzja, Alireza"]
[Result "1/2-1/2"]
[WhiteElo "2468"]
[BlackElo "2527"]
[PlyCount "65"]
[EventDate "2017.09.13"]
[EventType "team-swiss"]
[EventRounds "11"]
[EventCountry "IRI"]
[SourceTitle "CBM 180 Extra"]
[Source "ChessBase"]
[SourceDate "2017.10.06"]
[SourceVersion "1"]
[SourceVersionDate "2017.10.06"]
[SourceQuality "1"]
[WhiteTeam "Tabriz Shahrdari"]
[BlackTeam "Bandarabbas Azad Univ"]
[WhiteTeamCountry "IRI"]
[BlackTeamCountry "IRI"]

1. d4 Nf6 2. c4 e6 3. Nc3 Bb4 4. f3 c5 5. d5 d6 6. e4 O-O 7. Nge2 exd5 8. cxd5 Re8 9. Ng3 Nbd7 10. Be2 a6 11. a4 Ne5 ({RR} 11... Nf8 12. O-O Ng6 13. Bd2 h5 14. Bd3 h4 15. Nge2 Ne5 16. Bg5 h3 17. g3 Bd7 18. Nf4 c4 19. Bc2 Qb6+ 20. Kh1 Nh7 21. Bh4 g5 22. Bxg5 Nxg5 23. Nh5 Qd8 24. Qe2 Bc5 25. a5 Nh7 26. Ba4 {Santoro,M (1649)-Rosario Almanzar,R (1888) Reykjavik ISL 2025 0-1 (57)}) 12. O-O c4 13. Kh1 Rb8 $146 ({RR} 13... Qa5 14. Bg5 Nfd7 15. Nf5 Nf8 16. Ne3 h6 17. Bf4 Nfg6 18. Bg3 Bxc3 19. bxc3 Qxc3 {½-½ (19) Maxwell,D (2066)-Pritchett,C (2274) Edinburgh 2019}) ({RR} 13... Bd7 14. Be3 Rc8 15. Qd2 Bc5 16. Bxc5 Rxc5 17. Rfc1 b5 18. axb5 axb5 19. Nd1 h5 20. Ne3 g6 21. Nc2 h4 22. Nf1 Nh5 23. Nb4 Qf6 24. Rc3 Nf4 25. h3 Qg5 26. Bd1 Rcc8 27. Bc2 Ra8 28. Raa3 {Santos Latasa,J (2586)-Socko,B (2625) Abu Dhabi 2019 0-1 (43)}) 14. Bg5 b5 15. f4 Ned7 16. Bf3 h6 17. Bh4 Bc5 18. axb5 axb5 19. Nh5 b4 20. Ne2 Kh8 21. Neg3 g5 22. fxg5 Nh7 23. g6 Qxh4 24. Nf5 Qg5 25. g7+ Kg8 26. h4 Qg6 27. Nf4 Qf6 28. Nh5 Qg6 29. Nf4 Qf6 30. Nh5 Qg6 31. Nf4 Qf6 32. Nh5 Qg6 33. Qc1 1/2-1/2

[Event "chess.com SpeedChess 2024"]
[Site "chess.com INT"]
[Date "2024.07.29"]
[Round "1.8"]
[White "Grischuk, A.."]
[Black "Firouzja, Alireza"]
[Result "1/2-1/2"]
[WhiteElo "2708"]
[BlackElo "2744"]
[PlyCount "10"]
[EventDate "2024.07.25"]
[EventType "k.o."]

1. d4 Nf6 2. c4 e6 3. Nc3 Bb4 4. Qc2 O-O 5. a4 $146 ({RR} 5. Bf4 d6 6. a3 Bxc3+ 7. Qxc3 Nbd7 8. e3 b6 9. Nf3 Bb7 10. Be2 Ne4 11. Qc2 Qe7 12. h3 f5 13. Bh2 e5 14. dxe5 dxe5 15. Rf1 a5 16. O-O-O Nec5 17. b3 f4 18. exf4 exf4 19. Kb2 Rae8 {Shocron,R-Pachman,L Mar del Plata 1959 0-1}) ({RR} 5. Bf4 d5 6. cxd5 exd5 7. e3 c5 8. dxc5 Nc6 9. Nf3 Qa5 10. Bd3 Bxc5 11. O-O Nb4 12. Qd2 Nxd3 13. Qxd3 Be6 14. Be5 Be7 15. Ng5 g6 16. Qd4 Qd8 17. Rad1 Bf5 18. Nf3 Be6 19. h3 a6 {Riazantsev,A (2646)-Smirnov,P (2595) Khanty-Mansiysk 2015 1-0 (36)}) ({RR} 5. g4 d5 6. Bg5 c5 7. e3 dxc4 8. Bxf6 Qxf6 9. O-O-O cxd4 10. Ne4 Qe7 11. exd4 b5 12. Bg2 Bb7 13. f4 f5 14. Ng5 c3 15. Bxb7 cxb2+ 16. Kxb2 Qxb7 17. Qb3 Qg2+ 18. Ka1 Qxh1 19. Qxe6+ Kh8 {Moreno,D (1612)-Ressia,L (1447) Montevideo 2022 0-1}) 5... d5 1/2-1/2

[Event "chess.com SpeedChess 2024"]
[Site "chess.com INT"]
[Date "2024.07.29"]
[Round "1.6"]
[White "Grischuk, A.."]
[Black "Firouzja, Alireza"]
[Result "0-1"]
[WhiteElo "2708"]
[BlackElo "2744"]
[PlyCount "70"]
[EventDate "2024.07.25"]
[EventType "k.o."]

1. d4 Nf6 2. c4 e6 3. Nc3 Bb4 4. Qc2 O-O 5. a3 Bxc3+ 6. Qxc3 d5 7. Bg5 h6 8. Bxf6 Qxf6 9. Nf3 dxc4 10. Qxc4 Nc6 11. Qc3 Re8 12. Rd1 Bd7 ({RR} 12... e5 13. d5 Nb8 14. e3 Bg4 15. Be2 Nd7 16. O-O Rac8 17. Qb4 Bxf3 18. Bxf3 Qb6 19. Qxb6 axb6 20. Bg4 Rcd8 21. Bxd7 Rxd7 22. e4 Rd6 23. Rd3 b5 24. Rc1 c6 25. Kf1 Kf8 26. Ke2 Ke7 27. dxc6 {So,W (2761)-Nakamura,H (2768) Saint Louis USA 2023 ½-½ (37)}) ({RR} 12... e5 13. d5 Nb8 14. e3 Bg4 15. Be2 Qd6 16. O-O Nd7 17. h3 Bxf3 18. Bxf3 e4 19. Be2 a6 20. Rd4 f5 21. Rc1 Rac8 22. Rc4 Qxd5 23. Rd4 {1-0 (23) Bok,B (2583)-Smirnov,M (2336) chess.com INT 2025}) 13. g3 Ne7 $146 ({RR} 13... e5 14. dxe5 Qe7 15. Bg2 Bg4 16. h3 Bxf3 17. Bxf3 Qxe5 18. O-O Qxc3 19. bxc3 Na5 20. Rd5 Nc4 21. Rd4 Nd6 22. c4 Re5 23. Rc1 Rae8 24. c5 Ne4 25. c6 b6 26. Rd7 Rc8 27. Rcd1 Nc5 28. Rd8+ {Suleymanli,A (2547)-Raahul,V (2323) Dubai 2022 ½-½ (55)}) 14. Qxc7 Ba4 15. Ra1 Rec8 16. Qa5 Bc6 17. Bg2 Nf5 18. O-O Nxd4 19. Nxd4 Qxd4 20. Bxc6 Rxc6 21. b4 a6 22. Rad1 Qe4 23. Rd8+ Rxd8 24. Qxd8+ Kh7 25. Qd7 Rc2 26. Qxf7 Rxe2 27. h4 Ra2 28. h5 Rxa3 29. Rc1 Rf3 30. Qe8 Rb3 31. Kh2 Qf5 32. Kg2 Rb2 33. Rf1 Rxb4 34. Qe7 Rb2 35. Kg1 a5 0-1

[Event "Titled Tue 15th Aug Late"]
[Site "chess.com INT"]
[Date "2023.08.15"]
[Round "8"]
[White "Hakobyan, Aram"]
[Black "Firouzja, Alireza"]
[Result "1-0"]
[WhiteElo "2612"]
[BlackElo "2777"]
[PlyCount "111"]
[EventDate "2023.08.15"]

1. d4 Nf6 2. c4 e6 3. Nc3 Bb4 4. e3 b6 5. Bd3 Bb7 6. Nf3 c5 7. O-O O-O 8. a3 Bxc3 9. bxc3 d6 10. Nd2 Nc6 11. Bb2 Rc8 12. e4 e5 13. d5 ({RR} 13. f3 Ba6 14. Rf2 cxd4 15. cxd4 Nxd4 16. Bxd4 exd4 17. Qa4 Bb7 18. Nb3 Nd7 19. Nxd4 Nc5 20. Qd1 Qf6 21. Bf1 Rfd8 22. Rc1 Ne6 23. Nf5 Nf4 24. Rd2 d5 25. cxd5 Rxc1 26. Qxc1 g6 27. Nd4 Qg5 {Sebag,M (2437)-Matinian,N (2421) chess.com INT 2023 0-1 (45)}) 13... Ne7 14. Bc1 Ng6 15. Re1 $146 ({RR} 15. Nb3 Rb8 16. a4 Bc8 17. a5 Bg4 18. f3 Bd7 19. axb6 axb6 20. Be3 Nh5 21. g3 Qc8 22. Bf2 Bh3 23. Re1 f5 24. Qc2 f4 25. g4 Nf6 26. Bf1 Bxf1 27. Kxf1 h5 28. g5 Qh3+ 29. Ke2 Nh7 {Ferkova,D (1993)-Doluhanova,E (2339) Antalya 2019 0-1 (60)}) 15... Nf4 16. Bc2 Ba6 17. g3 Ng6 18. Bd3 Rc7 19. Nf1 Bc8 20. Ne3 Kh8 21. a4 a5 22. Ra2 Ng8 23. Nf5 N6e7 24. Nxe7 Rxe7 25. Qh5 Bd7 26. f4 Qe8 27. f5 Bxa4 28. g4 f6 29. Qh4 Bb3 30. Ra3 a4 31. Kh1 b5 32. cxb5 c4 33. Be2 Qxb5 34. Be3 Bc2 35. Bf3 Qb2 36. Bc1 Qb6 37. Ra2 Qb3 38. Ra3 Qb8 39. Rg1 Rb7 40. g5 Rb3 41. Qg3 Qc7 42. Qg2 Bd3 43. Rxa4 Rxc3 44. Ra6 fxg5 45. Rc6 Qf7 46. Bxg5 Rc2 47. Qg3 Nf6 48. Bxf6 gxf6 49. Rxd6 Rg8 50. Rxf6 Rxg3 51. Rxf7 Rxg1+ 52. Kxg1 c3 53. Rc7 Rc1+ 54. Kf2 c2 55. d6 Rf1+ 56. Ke3 1-0

[Event "Titled Tue 15th Aug Late"]
[Site "chess.com INT"]
[Date "2023.08.15"]
[Round "3"]
[White "Hambleton, A.."]
[Black "Firouzja, Alireza"]
[Result "0-1"]
[WhiteElo "2420"]
[BlackElo "2777"]
[PlyCount "112"]
[EventDate "2023.08.15"]

1. d4 Nf6 2. c4 e6 3. Nc3 Bb4 4. Qc2 b6 5. e4 c5 6. d5 Qe7 7. Be2 exd5 8. exd5 Qe4 9. Qxe4+ Nxe4 10. Bd2 Bxc3 11. Bxc3 Nxc3 12. bxc3 O-O 13. Kd2 d6 14. Bd3 Nd7 15. f4 $146 ({RR} 15. Nf3 f6 16. a4 Ne5 17. Nxe5 fxe5 18. f3 Rb8 19. Rhb1 Rb7 20. a5 bxa5 21. Rxb7 Bxb7 22. Rxa5 Ra8 23. Bf5 Kf7 24. Bd7 Ke7 25. Bc6 Bxc6 26. dxc6 a6 27. Ke3 Kd8 28. Ke4 Kc7 29. Kd5 e4 {Nguyen,A (2465)-Munkhgal,G (2435) Singapore 2018 ½-½ (33)}) 15... Nf6 16. Ne2 Ba6 17. Ng3 g6 18. a4 Rfb8 19. Rhb1 Bc8 20. Ne4 Ne8 21. h3 Bf5 22. g4 Bxe4 23. Bxe4 Nf6 24. Bf3 h6 25. a5 bxa5 26. Rxb8+ Rxb8 27. Rxa5 Rb2+ 28. Ke3 Rc2 29. Kd3 Rh2 30. Rxa7 Rxh3 31. Ke2 Rh2+ 32. Ke3 Kf8 33. Ra8+ Ke7 34. Ra7+ Nd7 35. Be4 Rh3+ 36. Bf3 g5 37. fxg5 hxg5 38. Kf2 Kd8 39. Ra8+ Kc7 40. Ra7+ Kc8 41. Be4 Ne5 42. Bf5+ Kd8 43. Ra8+ Ke7 44. Ra7+ Kf6 45. Ra6 Nxc4 46. Ke2 Re3+ 47. Kd1 Rxc3 48. Ke2 Ke5 49. Ra7 Kf6 50. Ra6 Re3+ 51. Kd1 Re5 52. Kc2 Ne3+ 53. Kc3 Nxf5 54. gxf5 Rxd5 55. Kc4 Rd4+ 56. Kc3 Kxf5 0-1

[Event "Titled Tue 12th Mar Early"]
[Site "chess.com INT"]
[Date "2024.03.12"]
[Round "3"]
[White "Hayrapetyan, Ho"]
[Black "Firouzja, Alireza"]
[Result "0-1"]
[WhiteElo "2432"]
[BlackElo "2760"]
[PlyCount "70"]
[EventDate "2024.03.12"]

1. d4 Nf6 2. c4 e6 3. Nc3 Bb4 4. Nf3 O-O 5. Bg5 h6 6. Bh4 c5 7. Rc1 cxd4 8. Nxd4 d5 9. cxd5 g5 10. Bg3 Qxd5 11. e3 Qxa2 12. Bd3 Qxb2 13. O-O Bxc3 14. Rc2 Qb4 15. Nb5 e5 16. Rxc3 Nc6 17. f4 gxf4 $146 ({RR} 17... exf4 18. exf4 Nd5 19. Rb3 Qe7 20. Re1 Qf6 21. fxg5 hxg5 22. Nd6 Rd8 23. Qh5 Nf4 24. Bxf4 gxf4 25. Bc4 Be6 26. Bxe6 Rxd6 27. Qg4+ Kf8 28. Bf5 Nd4 29. Bh7 Qg7 30. Qxg7+ Kxg7 31. Rxb7 Kxh7 32. Rxf7+ {Aditya,M (2588)-Suleymanli,A (2609) chess.com INT 2024 0-1 (45)}) 18. Be1 Qe7 19. exf4 Nd5 20. Rf3 exf4 21. Bc2 Nxc3 22. Bxc3 Bf5 23. Bxf5 Qc5+ 24. Nd4 Rad8 25. Rxf4 Qxc3 26. Qg4+ Kh8 27. Qh4 Qe3+ 28. Kf1 Rd6 29. Be6 Rxe6 30. Nxe6 Qxe6 31. Rf6 Qe5 32. Rxh6+ Kg8 33. Rh5 Qa1+ 34. Kf2 Qd4+ 35. Qxd4 Nxd4 0-1

[Event "Titled Tue 26th Mar Late"]
[Site "chess.com INT"]
[Date "2024.03.26"]
[Round "6"]
[White "Indjic, A.."]
[Black "Firouzja, Alireza"]
[Result "0-1"]
[WhiteElo "2595"]
[BlackElo "2760"]
[PlyCount "106"]
[EventDate "2024.03.26"]

1. d4 Nf6 2. c4 e6 3. Nc3 Bb4 4. Qc2 b6 5. e4 c5 6. d5 Qe7 7. Nge2 exd5 8. exd5 O-O 9. Bd2 Re8 10. f3 d6 11. O-O-O Nbd7 12. Ng3 Ne5 ({RR} 12... Qd8 13. Bd3 Ne5 14. Rhe1 a6 15. a3 Ba5 16. f4 Nxd3+ 17. Qxd3 Bg4 18. Rxe8+ Qxe8 19. Re1 Qd7 20. h3 Bh5 21. Nxh5 Nxh5 22. g4 Nf6 23. g5 Nh5 24. f5 Re8 25. Re4 Rxe4 26. Nxe4 Qxf5 27. Nf6+ {Tang,A (2538)-Firouzja,A (2759) Chess.com INT 2021 1-0}) 13. Re1 Qf8 $146 ({RR} 13... Qd8 14. h3 Bd7 15. f4 Ng6 16. Bd3 Rxe1+ 17. Rxe1 b5 18. Nxb5 Bxb5 19. cxb5 Qa5 20. a3 Bxd2+ 21. Qxd2 Qxd2+ 22. Kxd2 Nxf4 23. Nf5 Kf8 24. Bc4 Rd8 25. a4 N4xd5 26. a5 g6 27. Nh6 Rb8 28. Rf1 {Schekachikhin,M (2406)-Baskin,R (2390) Chess.com INT 2020 0-1 (42)}) 14. Bg5 Nfd7 15. Nf5 h6 16. Bd2 Nf6 17. f4 Bxf5 18. Qxf5 Neg4 19. Be2 Nf2 20. Rhf1 N2e4 21. Nxe4 Rxe4 22. Bxb4 cxb4 23. Bd3 Rxe1+ 24. Rxe1 Re8 25. Rxe8 Qxe8 26. Kd2 Qd8 27. Qh3 Nd7 28. Qe3 Kf8 29. g3 Qf6 30. Kc2 Nc5 31. Be2 a5 32. Kc1 a4 33. Qd2 Qe7 34. Bd1 a3 35. bxa3 bxa3 36. Qc3 Qe4 37. Qxa3 Qxc4+ 38. Bc2 Qxd5 39. Qa7 Qb7 40. Qxb7 Nxb7 41. Kd2 Ke7 42. Kc3 Nc5 43. Kc4 Kd7 44. Kd5 Kc7 45. g4 b5 46. g5 hxg5 47. fxg5 Nd7 48. h4 g6 49. Bb3 Nc5 50. Bc2 Kd7 51. a3 Ne6 52. Ke4 Kc6 53. Kf3 Nd4+ 0-1

[Event "Titled Tue 2nd Jan Late"]
[Site "chess.com INT"]
[Date "2024.01.02"]
[Round "3"]
[White "Lagarde, Max"]
[Black "Firouzja, Alireza"]
[Result "0-1"]
[WhiteElo "2642"]
[BlackElo "2759"]
[PlyCount "34"]
[EventDate "2024.01.02"]

1. d4 Nf6 2. c4 e6 3. Nc3 Bb4 4. e3 O-O 5. Bd3 c5 6. Nge2 b6 7. O-O Bb7 8. d5 d6 9. e4 Nbd7 10. Bg5 h6 11. Bh4 Ne5 $146 ({RR} 11... exd5 12. exd5 Qc7 13. a3 Ba5 14. Qd2 a6 15. Ng3 b5 16. Nf5 bxc4 17. Bc2 Bxc3 18. Qxc3 Bxd5 19. Qg3 g6 20. Ne7+ Kh8 21. Qf4 Kg7 22. Bxf6+ Nxf6 23. Qxf6+ Kxf6 24. Nxd5+ {1-0 (24) Hoi,C (2430)-Rossen,C (2165) Copenhagen 1998}) 12. f4 Ng6 13. Bg3 exd5 14. cxd5 a6 15. h3 b5 16. Kh1 Re8 17. Qc2 c4 0-1

[Event "Chessable Masters Div 1 L"]
[Site "chess.com INT"]
[Date "2024.02.05"]
[Round "4.2"]
[White "Lazavik, Denis"]
[Black "Firouzja, Alireza"]
[Result "1/2-1/2"]
[WhiteElo "2567"]
[BlackElo "2760"]
[PlyCount "155"]
[EventDate "2024.02.03"]
[EventType "k.o."]

1. d4 Nf6 2. c4 e6 3. Nc3 Bb4 4. e3 O-O 5. Bd3 c5 6. Nge2 d5 7. cxd5 cxd4 8. exd4 Nxd5 9. O-O Nc6 10. Bc2 Be7 11. Qd3 g6 12. a3 ({RR} 12. Qg3 Bd6 13. Qf3 Qf6 14. Qxf6 Nxf6 15. Rd1 Nb4 16. Bb3 Nbd5 17. Nxd5 Nxd5 18. Nc3 Nxc3 19. bxc3 b6 20. Be3 Ba6 21. c4 Rac8 22. Rac1 Ba3 23. Rc2 Rfd8 24. Bf4 Rd7 25. h4 Bd6 26. Be3 Be7 {Sjugirov,S (2663)-Sarana,A (2649) Sochi 2021 0-1 (58)}) 12... b6 ({RR} 12... Bf6 13. Bh6 Re8 14. Ne4 Bg7 15. Bxg7 Kxg7 16. Rad1 b6 17. Ba4 Bd7 18. Qg3 Qb8 19. Nd6 Rd8 20. Nf4 Nxf4 21. Qxf4 f6 22. Rc1 Nxd4 23. Qxd4 Bxa4 24. Qxa4 Qxd6 25. g3 Qe7 26. Rc6 Rd6 27. Rfc1 {Vogel,R (2545)-Goncharov,V (2077) chess.com INT 2024 1-0 (59)}) 13. Bh6 Re8 14. Qf3 $146 ({RR} 14. Rad1 Bb7 15. Rfe1 Rc8 16. Qg3 Nxc3 17. bxc3 Bf6 18. Nf4 Nxd4 19. Bxg6 hxg6 20. cxd4 {½-½ (20) Schipkov,B (2345)-Siklosi,Z (2390) Kecskemet 1993}) 14... Bb7 15. Be4 Na5 16. Rac1 Bg5 17. Bxg5 Qxg5 18. Nxd5 exd5 19. Rc7 Re7 20. Rxe7 Qxe7 21. Bxd5 Bxd5 22. Qxd5 Rd8 23. Qb5 Qe4 24. Rd1 Rc8 25. Nc3 Qc2 26. Re1 Qd2 27. Re8+ Rxe8 28. Qxe8+ Kg7 29. Qe5+ Kg8 30. h4 Nc4 31. Qf6 Qxb2 32. Nd5 Qb1+ 33. Kh2 Qe4 34. Ne7+ Kf8 35. Nc6 Kg8 36. Nxa7 Nxa3 37. Nc8 Nc4 38. d5 b5 39. d6 Qe5+ 40. Qxe5 Nxe5 41. Nb6 b4 42. f4 Ng4+ 43. Kg3 Nf6 44. d7 Nxd7 45. Nxd7 b3 46. Nf6+ Kg7 47. Ne4 b2 48. Nc3 Kf6 49. Kf3 h5 50. Ke4 Ke6 51. f5+ Kf6 52. Kf4 gxf5 53. g3 Ke6 54. Nb1 Kf6 55. Nc3 Ke6 56. Kg5 Ke5 57. Kxh5 Kd4 58. Nb1 Kd3 59. Kg5 Kc2 60. Na3+ Kb3 61. Nb1 Kc2 62. h5 Kxb1 63. h6 Ka2 64. h7 b1=Q 65. h8=Q Qe4 66. Qc3 Qg4+ 67. Kf6 Qg6+ 68. Ke7 Qe6+ 69. Kf8 Kb1 70. Qc7 Kb2 71. Qe7 Qg6 72. Qe5+ Kc2 73. Ke7 Kd3 74. Qf4 Qe6+ 75. Kf8 Qg6 76. Ke7 Qe6+ 77. Kf8 Qg6 78. Ke7 1/2-1/2

[Event "Bucharest Superbet Classic"]
[Site "Bucharest"]
[Date "2022.05.11"]
[Round "6"]
[White "Mamedyarov, Shakhriyar"]
[Black "Firouzja, Alireza"]
[Result "1/2-1/2"]
[WhiteElo "2759"]
[BlackElo "2804"]
[PlyCount "191"]
[EventDate "2022.05.05"]
[EventType "tourn"]
[EventRounds "9"]
[EventCountry "ROU"]
[EventCategory "21"]
[Tiebreak "Number of wins"]
[SourceTitle "CBM 208"]
[Source "ChessBase"]
[SourceDate "2022.06.30"]
[SourceVersion "1"]
[SourceVersionDate "2022.06.30"]
[SourceQuality "1"]

1. d4 Nf6 2. c4 e6 3. Nc3 Bb4 4. Qc2 c5 5. dxc5 O-O 6. Nf3 Na6 7. g3 Nxc5 8. Bg2 Nce4 9. O-O Bxc3 10. bxc3 Qc7 11. Nd4 d5 12. cxd5 exd5 13. Bf4 Qc5 14. Rac1 ({RR} 14. Rfb1 b6 15. Rb5 Qxc3 16. Qxc3 Nxc3 17. Rb3 Nce4 18. a4 Bd7 19. a5 Rfc8 20. axb6 axb6 21. Rxa8 Rxa8 22. Rxb6 Ra1+ 23. Bf1 h6 24. Nc2 Ra2 25. Nb4 Ra1 26. Nc2 Ra2 27. Nb4 Ra1 28. Nc2 {½-½ (28) Mamedyarov,S (2759)-Tari,A (2654) Stavanger 2022}) 14... Bd7 15. Nb3 Qe7 16. c4 Rac8 $146 ({RR} 16... Rfe8 17. Qd3 Be6 18. cxd5 Bxd5 19. f3 Bxb3 20. axb3 Nc5 21. Qc4 Ne6 22. Bd2 b5 23. Qc3 Rad8 24. e4 Nd4 25. Rf2 Qd7 26. Be3 Rc8 27. Qb2 Rxc1+ 28. Qxc1 Ne6 29. Rd2 Rc8 30. Qa1 Qc7 31. e5 {Nikolov,M (2559)-Svetushkin,D (2528) Paleochora 2019 1-0 (38)}) 17. Qd3 dxc4 18. Rxc4 Rxc4 19. Qxc4 Rc8 20. Qd3 Nc3 21. Nd4 Qb4 22. Bf3 Bh3 23. Ra1 h6 24. Nf5 Bxf5 25. Qxf5 Re8 26. Be3 Qb2 27. Re1 Qxa2 28. Qc5 Nfe4 29. Qxa7 Qxa7 30. Bxa7 b5 31. Bd4 Rd8 32. e3 b4 33. Rc1 Nd2 34. Bxc3 bxc3 35. Bg4 Ne4 36. Bf5 Nd6 37. Bh3 Ne4 38. Bf5 Nd6 39. Bd3 Rc8 40. Kf1 f5 41. Ke2 Kf7 42. Kd1 Kf6 43. Ra1 Ne4 44. f3 Nf2+ 45. Kc2 Nxd3 46. Kxd3 Ke5 47. Kc2 Rc7 48. Ra3 Rb7 49. Rxc3 Ra7 50. Rc6 Ra2+ 51. Kd3 Ra3+ 52. Ke2 Ra2+ 53. Kf1 Rxh2 54. Rg6 h5 55. Rxg7 Kf6 56. Rg8 Kf7 57. Rh8 Kg7 58. Kg1 Re2 59. Re8 Kf7 60. Re5 Kf6 61. f4 Kg6 62. Re8 Kg7 63. Re6 Ra2 64. Re7+ Kg6 65. Re6+ Kg7 66. e4 fxe4 67. Rxe4 Kf6 68. Re5 Kg6 69. Rg5+ Kh6 70. Kf1 Rb2 71. Re5 Kg6 72. Re2 Rb4 73. Rh2 Rb3 74. Kg2 Rb2+ 75. Kh3 Rb1 76. Ra2 Rh1+ 77. Kg2 Rb1 78. Ra6+ Kg7 79. Ra3 Kg6 80. Kf3 Rf1+ 81. Kg2 Rb1 82. Ra6+ Kg7 83. Re6 Ra1 84. Kf2 Rb1 85. Re1 Rb2+ 86. Kf3 Kf6 87. Re5 Kg6 88. Re6+ Kg7 89. f5 Rb4 90. Re4 Rb6 91. Rh4 Kh6 92. Kf4 Rb4+ 93. Ke5 Rb5+ 94. Kf4 Rb4+ 95. Ke5 Rb5+ 96. Kf4 1/2-1/2

[Event "Titled Tue 21st Jan Early"]
[Site "chess.com INT"]
[Date "2025.01.21"]
[Round "4"]
[White "Nguyen, Quoc Hy"]
[Black "Firouzja, Alireza"]
[Result "0-1"]
[WhiteElo "2418"]
[BlackElo "2763"]
[PlyCount "70"]
[EventDate "2025.01.21"]

1. d4 Nf6 2. c4 e6 3. Nc3 Bb4 4. e3 O-O 5. Bd3 c5 6. Nf3 cxd4 7. exd4 d5 8. O-O dxc4 9. Bxc4 b6 10. Bg5 Bxc3 11. bxc3 Bb7 12. Ne5 Nbd7 13. Nxd7 Qxd7 14. Bxf6 gxf6 15. Qg4+ Kh8 16. Qh4 Qd8 17. d5 $146 ({RR} 17. Rfd1 f5 18. Qf4 Qf6 19. Bf1 Rg8 20. Rd3 Rac8 21. a4 Ba6 {½-½ (21) Volke,K (2475)-Antonio,R (2500) Biel 1993}) ({RR} 17. Bb3 Rg8 18. f3 Rc8 19. c4 f5 20. Qf2 Qd6 21. Rfd1 Rg6 22. Rd2 Qf4 23. d5 Rcg8 24. Rad1 e5 25. Kh1 Rh6 26. Qg1 Rg5 27. Rf2 Qg3 28. f4 Rgh5 29. h3 exf4 30. Qf1 Rxh3+ 31. gxh3 Rxh3+ {Hagen,A (2143)-Evenshaug,A (2252) Norway NOR 2025 ½-½ (40)}) ({RR} 17. Bd3 f5 18. Qf4 Qf6 19. f3 Rac8 20. Rac1 Rg8 21. Rc2 Rg6 22. Kh1 Rh6 23. h3 Rh4 24. Qh2 Rg8 25. Qc7 Ba8 26. Qxa7 Qh6 27. Qc7 f4 28. Qe5+ f6 29. Qxe6 Rg3 30. Qe8+ Kg7 31. Qe7+ Kh8 {Davidsdottir,N (1479)-Bjornes,L (1957) Reykjavik 2013 ½-½ (34)}) 17... Rg8 18. Rad1 f5 19. Qd4+ f6 20. f3 e5 21. Qd3 Qd6 22. Kh1 Rg5 23. f4 exf4 24. Qf3 Rag8 25. Rd2 Qc5 26. Qxf4 Rg4 27. Qxf5 Qxc4 28. Qxf6+ R4g7 29. h3 Bxd5 30. Rf4 Qc6 31. Qe5 Bxg2+ 32. Kh2 Bxh3 33. Rf7 Qh6 34. Rxg7 Bc8+ 35. Kg3 Qxg7+ 0-1

[Event "15th Rouen Open 2023"]
[Site "Rouen FRA"]
[Date "2023.12.28"]
[Round "5.1"]
[White "Peng, Li Min"]
[Black "Firouzja, Alireza"]
[Result "0-1"]
[WhiteElo "2562"]
[BlackElo "2763"]
[PlyCount "144"]
[EventDate "2023.12.26"]

1. d4 {Yermolinsky,Alex} Nf6 2. c4 e6 3. Nc3 Bb4 4. Qc2 d6 5. Nf3 O-O 6. g3 Re8 ({RR} 6... b6 7. Bg2 Bb7 8. O-O Nbd7 9. b3 Qe7 10. Bb2 Bxc3 11. Qxc3 Ne4 12. Qc2 f5 13. Rad1 Rae8 ({RR} 13... c5 14. Nd2 Nxd2 15. Rxd2 Bxg2 16. Kxg2 cxd4 17. Rxd4 e5 18. Rd2 Nc5) 14. d5 exd5 15. cxd5 Ndf6 16. Bxf6 Rxf6 ({RR} 16... Qxf6 17. Nd4 Bxd5 18. Qxc7) 17. Rd4 Rf7 18. e3 a5 19. a3 Ba6 20. Rc1 g5 21. Rdd1 {Shankland,S (2666)-Caruana,F (2817) Saint Louis 2017 CBM 178 [Yermolinsky,Alex ] ½-½ (37)} ({RR} 21. b4)) 7. a3 ({RR} 7. Bg2 e5 8. O-O e4 9. Ng5 Bxc3 10. Qxc3 h6 11. Nh3 Bf5 12. f3 Nbd7 13. Nf2 c6 14. Bf4 d5 15. c5 Nf8 16. Be5 exf3 17. exf3 N6d7 18. Bd6 Qf6 19. Rfe1 Ne6 20. Rad1 b6 21. cxb6 axb6 {Sagita,C (2332)-Zhigalko,S (2572) chess.com INT 2024 1-0 (66)}) 7... Bxc3+ 8. Qxc3 a5 $146 ({RR} 8... Qe7 9. Bg2 e5 10. dxe5 dxe5 11. O-O Nc6 12. b4 Bg4 13. Re1 Rad8 14. Be3 Qd7 15. Ra2 Ne4 16. Qa1 Bh3 17. Bh1 h6 18. Nd2 Nf6 19. Ne4 Nxe4 20. Bxe4 Nd4 21. Rd2 c6 22. Bxd4 exd4 23. Bf3 {Jonsson,M (2244)-Rozentalis,E (2510) Sweden 2018 0-1 (56)}) 9. b3 Nc6 10. Bg2 e5 11. dxe5 dxe5 12. Bb2 Qe7 13. O-O Bf5 14. b4 e4 15. Nh4 Bd7 16. c5 Qe6 17. Rad1 axb4 18. axb4 Ra4 19. f3 e3 20. f4 Nxb4 21. Rd4 Na2 22. Qc2 Rxd4 23. Bxd4 Nb4 24. Qb2 Nc6 25. Bxf6 gxf6 26. Rd1 Bc8 27. Bf3 Kg7 28. Qc3 Qa2 29. Kg2 Qa5 30. Qxa5 Nxa5 31. Rd3 Nc4 32. Rc3 Nd2 33. h3 f5 34. g4 c6 35. Ra3 h6 36. Ra8 Kf8 37. Ra3 fxg4 38. hxg4 Kg7 39. Rd3 Rg8 40. Rxe3 Kf6 41. Rd3 Ne4 42. Bxe4 Rxg4+ 43. Kf3 Rxh4 44. Rd8 Be6 45. Rb8 Rh3+ 46. Kf2 Rb3 47. Rh8 Bf5 48. Bxf5 Kxf5 49. Rxh6 Kxf4 50. Rd6 Ke5 51. e3 Rb5 52. Rd7 Ke6 53. Rc7 f5 54. Kf3 Kd5 55. Rf7 Kxc5 56. Rxf5+ Kc4 57. Rf7 Rb1 58. Rf4+ Kc3 59. Ke4 b5 60. Rf6 c5 61. Kd5 c4 62. e4 Kb3 63. e5 Re1 64. Rb6 b4 65. e6 c3 66. Kc5 Re5+ 67. Kd4 c2 68. Kxe5 c1=Q 69. Rd6 Qg5+ 70. Kd4 Kc2 71. Kc4 b3 72. Rd5 Qe3 0-1

[Event "Titled Tue 19th Nov Late"]
[Site "chess.com INT"]
[Date "2024.11.19"]
[Round "8"]
[White "Sarana, A.."]
[Black "Firouzja, Alireza"]
[Result "0-1"]
[WhiteElo "2679"]
[BlackElo "2763"]
[PlyCount "98"]
[EventDate "2024.11.19"]

1. d4 Nf6 2. c4 e6 3. Nc3 Bb4 4. e3 O-O 5. Bd3 d5 6. a3 dxc4 7. Bxc4 Bd6 8. Nf3 Nc6 9. O-O e5 10. d5 Ne7 11. e4 Ng6 12. Re1 a6 13. Bf1 Bd7 14. Nd2 Bc5 $146 ({RR} 14... b5 15. b4 c5 16. dxc6 Bxc6 17. Nb3 Rc8 18. f3 Ba8 19. Bd2 Qe7 20. Rc1 Rfd8 21. Qc2 Nf4 22. Be3 Ne6 23. Qf2 h6 24. Re2 Qe8 25. Rec2 Bb7 26. Ne2 Rxc2 27. Rxc2 Rc8 28. Nec1 Rxc2 29. Qxc2 {Koelle,T (2437)-Fedorchuk,S (2582) Germany GER 2025 ½-½ (40)}) 15. Nb3 Ba7 16. Be3 Bxe3 17. Rxe3 Ng4 18. Rg3 Qh4 19. h3 Nf6 20. Nc5 Bc8 21. Re3 b6 22. Nd3 h5 23. Rc1 Bd7 24. Qf3 Qg5 25. Ne2 Rfc8 26. Qg3 Qxg3 27. Nxg3 h4 28. Ne2 c5 29. f4 Re8 30. f5 Nf4 31. Nc3 Nxd3 32. Bxd3 b5 33. b4 c4 34. Bc2 a5 35. Kf2 axb4 36. axb4 Kf8 37. Ke2 Ra3 38. Kd2 Rea8 39. Ree1 Ke7 40. Rg1 Nh5 41. Rb1 Nf4 42. Bd1 Kd6 43. g3 Nxh3 44. Rg2 Rxc3 45. Kxc3 Ng5 46. gxh4 Nxe4+ 47. Kb2 Bxf5 48. Bc2 g6 49. Rbg1 c3+ 0-1